000 00613cab a2200229 4500
001 WB3434-47
008 090401t1998 xxu||||| |||| 00| 0 eng d
035 _a(Sirsi) u88370
041 _aeng
245 _aBSE lamb safety claim
260 _c1998
350 _a0
490 _aTimes
_v8 September 1998, 6
490 _aIndependent
_v8 September 1998, 1(2)
520 _aTests are to be undertaken after a Government expert claimed that BSE may have passed into sheep.
650 _aBSE
650 _aFOOD SAFETY
650 _aSHEEP
690 _aRURAL PRACTICE
942 _n0
948 _c09/09/1998
999 _c55817
_d55817